Online
Catalog

Premio copé de cuento 1985 / (Record no. 36462)

MARC details
000 -CABECERA
campo de control de longitud fija 00635nam a2200157 a 4500
001 - NÚMERO DE CONTROL
campo de control 000036972
005 - FECHA Y HORA DE LA ÚLTIMA TRANSACCIÓN
campo de control 20200930080045.0
008 - DATOS DE LONGITUD FIJA--INFORMACIÓN GENERAL
campo de control de longitud fija 120207s1986 pr 000 0 spa d
040 ## - FUENTE DE LA CATALOGACIÓN
Centro catalogador/agencia de origen DO-SdBNP
Lengua de catalogación spa
Centro/agencia transcriptor BNPHU
100 1# - ENTRADA PRINCIPAL--NOMBRE DE PERSONA
Nombre de persona Jara Jiménez, Cronwell Jorge
9 (RLIN) 63357
245 13 - MENCIÓN DE TÍTULO
Título Premio copé de cuento 1985 /
Mención de responsabilidad, etc. ronwell Jorge Jara Jiménez ; prólogo Carlos Arellana Quintanilla.
246 14 - FORMA VARIANTE DE TÍTULO
Título propio/Titulo breve La fuga de Agamenon Castro y los cuentos ganadores del premio copé:
Resto del título 1985
260 ## - PUBLICACIÓN, DISTRIBUCIÓN, ETC.
Lugar de publicación, distribución, etc. Lima, Perú :
Nombre del editor, distribuidor, etc. Petroperu. Departamento de Relaciones Públicas,
Fecha de publicación, distribución, etc. 1986.
300 ## - DESCRIPCIÓN FÍSICA
Extensión 301 p. ;
Dimensiones 21 cm.
700 1# - PUNTO DE ACCESO ADICIONAL--NOMBRE DE PERSONA
Nombre de persona Arellana Quintanilla, Carlos
Término indicativo de función/relación pról.
9 (RLIN) 63358
Holdings
Estado de retiro Estado de pérdida Restricciones de uso No para préstamo Código de colección Localización permanente Ubicación/localización actual Ubicación en estantería Fecha de adquisición Número de inventario Total de préstamos Signatura topográfica completa Código de barras Fecha visto por última vez Precio válido a partir de Tipo de ítem Koha
      Excluido de préstamo Monografías: Libros y Folletos General General En catalogación 07.02.2012 LF1   36972-10 25.06.2020 25.06.2020 No se presta

Powered by Koha